[Event "34 Open Vila de Sitges 2008"]
[Site "Sitges ESP"]
[Date "2008.07.29"]
[Round "8.8"]
[White "Cuartas, Jaime Alexander"]
[Black "Granados Gomez, Manuel"]
[Result "1-0"]
[WhiteElo "2495"]
[BlackElo "2407"]
[PlyCount "149"]
[EventDate "2008.07.22"]
[EventType "swiss"]
[EventRounds "9"]
[EventCountry "ESP"]
[SourceTitle "Ajedrez en Madrid"]
[Source "lmi"]
[SourceDate "2008.07.23"]

1. e4 e5 2. Nf3 Nc6 3. Bb5 Nf6 4. d3 Bc5 5. c3 d6 6. d4 exd4 7. cxd4 Bb4+ 8.
Kf1 d5 9. e5 Ne4 10. Qa4 Be7 11. Bxc6+ bxc6 12. Qxc6+ Qd7 13. Qxd7+ Bxd7 14.
Ne1 Bb5+ 15. Kg1 c5 16. f3 Ng5 17. Nc3 Bc6 18. Nc2 cxd4 19. Nxd4 Bc5 20. Be3
Bxd4 21. Bxd4 Ne6 22. Rd1 Ke7 23. Kf2 Rhb8 24. b3 a5 25. Ke3 a4 26. bxa4 Rb4
27. Rd2 Rc4 28. Rc1 h5 29. f4 g6 30. g3 Ng7 31. Kf2 Nf5 32. Bb6 Raxa4 33. Ne2
Ke6 34. Rxc4 Rxc4 35. h3 Kd7 36. Bd4 Ra4 37. g4 hxg4 38. hxg4 Ng7 39. Ke3 Ne6
40. f5 gxf5 41. gxf5 Ng5 42. Nc3 Rc4 43. Kf4 Ne4 44. Nxe4 dxe4 45. Bb6+ Kc8 46.
Rd8+ Kb7 47. Be3 Kc7 48. Rf8 Bd5 49. e6 fxe6 50. f6 Rc3 51. f7 e5+ 52. Kxe5
Bxf7 53. Rxf7+ Kc6 54. Kxe4 Ra3 55. Rf2 Ra4+ 56. Bd4 Kb5 57. Kd3 Ra3+ 58. Bc3
Kc5 59. Rb2 Kd5 60. Kc2 Kc4 61. Rb4+ Kc5 62. Kb2 Ra6 63. Kb3 Kc6 64. Bd4 Kd5
65. a4 Ra8 66. Be3 Kc6 67. Rb6+ Kc7 68. Rb5 Re8 69. Bd4 Kc6 70. Kc4 Rd8 71.
Rb6+ Kc7 72. a5 Re8 73. Kd5 Ra8 74. Be5+ Kd7 75. a6 1-0

[Event "34 Open Vila de Sitges 2008"]
[Site "Sitges ESP"]
[Date "2008.07.29"]
[Round "8.10"]
[White "Fernandez Aguado, Enrique"]
[Black "Karlsson, Lars"]
[Result "0-1"]
[WhiteElo "2337"]
[BlackElo "2476"]
[PlyCount "104"]
[EventDate "2008.07.22"]
[EventType "swiss"]
[EventRounds "9"]
[EventCountry "ESP"]
[SourceTitle "Ajedrez en Madrid"]
[Source "lmi"]
[SourceDate "2008.07.23"]

1. d4 Nc6 2. Nf3 d5 3. Bf4 Bg4 4. Nbd2 e6 5. h3 Bh5 6. e3 Bd6 7. Bb5 Nge7 8. g4
Bxf4 9. gxh5 Bd6 10. c4 dxc4 11. Nxc4 a6 12. Bxc6+ Nxc6 13. Rg1 Qf6 14. Ng5
Bb4+ 15. Kf1 h6 16. Ne4 Qf5 17. Qg4 Qd5 18. Rc1 O-O-O 19. Qf4 Qxh5 20. Rxg7
Qxh3+ 21. Ke2 Qh5+ 22. f3 Rhf8 23. a3 Be7 24. b4 Kb8 25. Na5 Qb5+ 26. Kf2 e5
27. Nxc6+ Qxc6 28. Rxc6 exf4 29. Rxh6 fxe3+ 30. Kxe3 a5 31. bxa5 Bxa3 32. Rhh7
Bb2 33. Rxf7 Bxd4+ 34. Ke2 Rxf7 35. Rxf7 Rd5 36. Kd3 Ba1+ 37. Kc4 Rxa5 38. Nc5
b6 39. Rf8+ Ka7 40. Ne6 Be5 41. f4 Bd6 42. Rf7 b5+ 43. Kd5 Kb6 44. f5 Ra1 45.
Rd7 Re1 46. Rxd6+ cxd6 47. Kxd6 b4 48. Nd4 Rd1 49. Ke5 Kc5 50. Ne6+ Kc4 51. f6
Rd5+ 52. Kf4 Rd7 0-1

[Event "34 Open Vila de Sitges 2008"]
[Site "Sitges ESP"]
[Date "2008.07.30"]
[Round "9.1"]
[White "Banusz, Tamas"]
[Black "Movsziszian, Karen"]
[Result "1/2-1/2"]
[WhiteElo "2481"]
[BlackElo "2560"]
[PlyCount "31"]
[EventDate "2008.07.22"]
[EventType "swiss"]
[EventRounds "9"]
[EventCountry "ESP"]
[SourceTitle "Ajedrez en Madrid"]
[Source "lmi"]
[SourceDate "2008.07.23"]

1. d4 d6 2. Nf3 g6 3. c4 Bg7 4. Nc3 Nf6 5. e4 O-O 6. Be2 e5 7. dxe5 dxe5 8.
Qxd8 Rxd8 9. Bg5 Re8 10. Nd5 Nxd5 11. cxd5 c6 12. Bc4 cxd5 13. Bxd5 Na6 14.
O-O-O Nb4 15. Bb3 Be6 16. Bxe6 1/2-1/2

[Event "34 Open Vila de Sitges 2008"]
[Site "Sitges ESP"]
[Date "2008.07.30"]
[Round "9.2"]
[White "Papp, Gabor"]
[Black "Pakleza, Zbigniew"]
[Result "1/2-1/2"]
[WhiteElo "2509"]
[BlackElo "2495"]
[PlyCount "60"]
[EventDate "2008.07.22"]
[EventType "swiss"]
[EventRounds "9"]
[EventCountry "ESP"]
[SourceTitle "Ajedrez en Madrid"]
[Source "lmi"]
[SourceDate "2008.07.23"]

1. e4 e5 2. Nf3 Nc6 3. Bb5 a6 4. Ba4 Nf6 5. d3 b5 6. Bb3 Be7 7. a4 b4 8. a5 O-O
9. Nbd2 d6 10. O-O Be6 11. Nc4 h6 12. h3 Na7 13. Be3 c5 14. c3 Nc6 15. Ba4 Qc7
16. Nb6 Rab8 17. Bxc6 Qxc6 18. cxb4 cxb4 19. Qa4 Qxa4 20. Rxa4 b3 21. Rc1 Rb7
22. d4 Nxe4 23. dxe5 Ng5 24. Bxg5 hxg5 25. exd6 Bxd6 26. Nxg5 Be5 27. Nxe6 fxe6
28. Rb4 Bxb2 29. Rc6 Rf5 30. Rxb3 Bd4 1/2-1/2

[Event "34 Open Vila de Sitges 2008"]
[Site "Sitges ESP"]
[Date "2008.07.30"]
[Round "9.3"]
[White "Antal, Gergely"]
[Black "Erdos, Viktor"]
[Result "1/2-1/2"]
[WhiteElo "2459"]
[BlackElo "2576"]
[PlyCount "91"]
[EventDate "2008.07.22"]
[EventType "swiss"]
[EventRounds "9"]
[EventCountry "ESP"]
[SourceTitle "Ajedrez en Madrid"]
[Source "lmi"]
[SourceDate "2008.07.23"]

1. e4 c6 2. d4 d5 3. exd5 cxd5 4. c4 Nf6 5. Nc3 Nc6 6. Nf3 Bg4 7. cxd5 Nxd5 8.
Qb3 Bxf3 9. gxf3 e6 10. Qxb7 Nxd4 11. Bb5+ Nxb5 12. Qc6+ Ke7 13. Qxb5 Qd7 14.
Nxd5+ Qxd5 15. Bg5+ f6 16. Qxd5 exd5 17. Be3 Ke6 18. O-O-O Bb4 19. a3 Rhc8+ 20.
Kb1 Bc5 21. Rhe1 Bxe3 22. Rxe3+ Kd6 23. Rde1 Rc4 24. Re7 Rh4 25. Kc2 Rxh2 26.
R1e6+ Kc5 27. Kd3 Rxf2 28. Rc7+ Kb5 29. Rb7+ Ka5 30. Ke3 Rc2 31. b3 d4+ 32.
Kxd4 Rc1 33. Kd3 Rd8+ 34. Ke2 Rc2+ 35. Ke3 Rc3+ 36. Ke2 Rc2+ 37. Ke1 Rd5 38.
Rxa7+ Kb5 39. Rb7+ Ka5 40. b4+ Ka4 41. Re3 Rc1+ 42. Kf2 Rc2+ 43. Kg3 Rg5+ 44.
Kh3 Rh5+ 45. Kg3 Rg5+ 46. Kh3 1/2-1/2

[Event "34 Open Vila de Sitges 2008"]
[Site "Sitges ESP"]
[Date "2008.07.30"]
[Round "9.4"]
[White "Jankovic, Alojzije"]
[Black "Rojas, Luis"]
[Result "1-0"]
[WhiteElo "2532"]
[BlackElo "2428"]
[PlyCount "89"]
[EventDate "2008.07.22"]
[EventType "swiss"]
[EventRounds "9"]
[EventCountry "ESP"]
[SourceTitle "Ajedrez en Madrid"]
[Source "lmi"]
[SourceDate "2008.07.23"]

1. Nf3 Nf6 2. c4 c5 3. d4 e6 4. d5 d6 5. Nc3 exd5 6. cxd5 g6 7. Nd2 Bg7 8. Nc4
O-O 9. Bf4 Na6 10. e3 Ne8 11. Be2 Nac7 12. a4 b6 13. Ne4 Bb7 14. Nexd6 Bxd5 15.
O-O Nxd6 16. Bxd6 Qg5 17. e4 Bxc4 18. Bxc4 Rfd8 19. f4 Qh6 20. e5 Bf8 21. f5
Bxd6 22. exd6 gxf5 23. Rxf5 Rxd6 24. Qf3 Qg7 25. Rxf7 Qd4+ 26. Kh1 Qxc4 27. Rf1
Qxf1+ 28. Qxf1 Rad8 29. Qc4 Rd4 30. Qa2 c4 31. Rf1 Nd5 32. Kg1 Ne3 33. Re1 Rd3
34. h3 Kh8 35. a5 b5 36. a6 Rg8 37. Re2 Rd1+ 38. Kf2 Nxg2 39. Qa5 Rd7 40. Qc3+
Rdg7 41. Qf6 b4 42. Re7 Nf4 43. Rxa7 Nd3+ 44. Kf1 c3 45. Rxg7 1-0

[Event "34 Open Vila de Sitges 2008"]
[Site "Sitges ESP"]
[Date "2008.07.30"]
[Round "9.6"]
[White "Karlsson, Lars"]
[Black "Muã<->oz Pantoja, Miguel"]
[Result "1/2-1/2"]
[WhiteElo "2476"]
[BlackElo "2499"]
[PlyCount "84"]
[EventDate "2008.07.22"]
[EventType "swiss"]
[EventRounds "9"]
[EventCountry "ESP"]
[SourceTitle "Ajedrez en Madrid"]
[Source "lmi"]
[SourceDate "2008.07.23"]

1. c4 c5 2. Nc3 Nc6 3. g3 g6 4. Bg2 Bg7 5. e3 e5 6. Nge2 Nge7 7. a3 a6 8. d3
O-O 9. b4 d6 10. Rb1 Rb8 11. bxc5 dxc5 12. O-O Bg4 13. Qc2 h6 14. Rd1 Be6 15.
Na4 b6 16. Bb2 Qc7 17. Bc3 Qa7 18. Be1 Rfd8 19. Nac3 f5 20. f4 g5 21. Bf2 Qc7
22. fxg5 hxg5 23. e4 f4 24. Nd5 Qa7 25. gxf4 exf4 26. d4 Bg4 27. h3 Bh5 28. Rb3
Nxd5 29. cxd5 Nxd4 30. Rxd4 cxd4 31. Nxd4 Rdc8 32. Nc6 Qc7 33. e5 Qxe5 34. Be4
Bf7 35. Bh7+ Kh8 36. Nxe5 Rxc2 37. Bxc2 Bxe5 38. Rxb6 Rxb6 39. Bxb6 Bxd5 40.
Bd3 Bb7 41. Bd8 Bd4+ 42. Kh2 f3 1/2-1/2

[Event "34 Open Vila de Sitges 2008"]
[Site "Sitges ESP"]
[Date "2008.07.30"]
[Round "9.7"]
[White "Gallego Alcaraz, Andres Felipe"]
[Black "Cuartas, Jaime Alexander"]
[Result "0-1"]
[WhiteElo "2400"]
[BlackElo "2495"]
[PlyCount "108"]
[EventDate "2008.07.22"]
[EventType "swiss"]
[EventRounds "9"]
[EventCountry "ESP"]
[SourceTitle "Ajedrez en Madrid"]
[Source "lmi"]
[SourceDate "2008.07.23"]

1. e4 c5 2. Nf3 Nc6 3. d4 cxd4 4. Nxd4 Nf6 5. Nc3 e6 6. Nxc6 bxc6 7. e5 Nd5 8.
Ne4 f5 9. exf6 Nxf6 10. Nd6+ Bxd6 11. Qxd6 Ba6 12. Bxa6 Qa5+ 13. Bd2 Qxa6 14.
Bb4 O-O-O 15. Rd1 Rhe8 16. Rd3 e5 17. Ra3 Qb7 18. Ba5 Re6 19. Qd3 e4 20. Qe2 e3
21. f3 Nd5 22. Rb3 Nb6 23. O-O Rde8 24. c4 Qa6 25. Bxb6 axb6 26. Ra3 Qb7 27.
Rd1 b5 28. Rb3 Re5 29. f4 Rf5 30. c5 Rxc5 31. Rxe3 Rd8 32. Re8 Qc7 33. Qe7 Rxe8
34. Qxe8+ Qd8 35. Qf7 g6 36. Qxh7 Qe8 37. Qh3 Rd5 38. Qf3 Rxd1+ 39. Qxd1 Qe3+
40. Kh1 Qxf4 41. a3 d5 42. h3 Qe4 43. Qd2 d4 44. Kg1 d3 45. Kf1 c5 46. Qf2 c4
47. Qc5+ Kd8 48. Qg5+ Kc7 49. Qc5+ Qc6 50. Qxc6+ Kxc6 51. h4 b4 52. axb4 Kb5
53. g4 Kxb4 54. h5 Kb3 0-1

[Event "34 Open Vila de Sitges 2008"]
[Site "Sitges ESP"]
[Date "2008.07.30"]
[Round "9.8"]
[White "Antok, Daniel"]
[Black "Jovanic, Ognjen"]
[Result "1/2-1/2"]
[WhiteElo "2244"]
[BlackElo "2493"]
[PlyCount "132"]
[EventDate "2008.07.22"]
[EventType "swiss"]
[EventRounds "9"]
[EventCountry "ESP"]
[SourceTitle "Ajedrez en Madrid"]
[Source "lmi"]
[SourceDate "2008.07.23"]

1. e4 c5 2. Nf3 e6 3. d4 cxd4 4. Nxd4 Nc6 5. Nb5 d6 6. c4 Nf6 7. N1c3 a6 8. Na3
Be7 9. Be2 b6 10. O-O Bb7 11. Be3 O-O 12. Rc1 Ne5 13. f3 Re8 14. Qd4 Ned7 15.
Nc2 Qc7 16. Rfd1 Rac8 17. Kh1 Qb8 18. Bf1 h6 19. Qd2 Ba8 20. Nd4 Bd8 21. b3 Bc7
22. g3 Bb7 23. Bg2 Qa8 24. Nde2 Kh8 25. Nf4 g5 26. Nd3 Rg8 27. Re1 Rg6 28. Bd4
Rcg8 29. Re2 Kh7 30. Rf1 Qd8 31. Qe1 Ne5 32. Rd2 Qe7 33. Qf2 Nfd7 34. Rfd1 Nc6
35. Be3 R6g7 36. Re2 Kh8 37. Rf1 h5 38. h3 g4 39. fxg4 hxg4 40. h4 Rh7 41. Kg1
Bd8 42. Bf4 Qf8 43. e5 Qg7 44. Qe1 dxe5 45. Nxe5 Ndxe5 46. Bxe5 Nxe5 47. Rxe5
Bxg2 48. Kxg2 Bf6 49. Re3 Bd4 50. Rd3 f5 51. Ne2 Bf6 52. Nf4 e5 53. Nd5 f4 54.
gxf4 exf4 55. Rxf4 Bxh4 56. Qe2 Rh5 57. Re3 Bg5 58. Rxg4 Bxe3 59. Rxg7 Rxg7+
60. Kf3 Rh3+ 61. Ke4 Bc5 62. Qb2 Rh4+ 63. Kf5 Rh5+ 64. Ke4 Rh4+ 65. Kf5 Rh5+
66. Ke4 Rh4+ 1/2-1/2